Experimentální stanovení součinitelů smykových tření vybraných materiálových dvojic vhodných pro výrobu zemědělských strojů a zařízení /

Hlavní autor: Cyrus, Pavel, 1949-
Jazyk: Čeština
Vydáno: Hradec Králové : Gaudeamus, 1997
Témata:
Fyzický popis: 85 s. : il. ; 29 cm
Knihy
Uloženo v:
LEADER 01252nam a2200337 a 4500
001 000269466
003 CZ BrMZK
005 20210422110205.0
007 ta
008 980115s1997 xr f 0 cze d
015 |a cnb000302140 
020 |a 80-7041-314-X 
035 |a (OCoLC)39316837 
040 |a BOA001  |b cze 
072 7 |a 63  |x Zemědělství a příbuzné oblasti vědy a techniky  |2 Konspekt  |9 24 
080 |a 631.3  |2 MRF 
080 |a 621.89:539.62  |2 MRF 
080 |a 531.44  |2 MRF 
080 |a (048.8)  |2 MRF 
100 1 |a Cyrus, Pavel,  |d 1949-  |7 mzk2003173192  |4 aut 
245 1 0 |a Experimentální stanovení součinitelů smykových tření vybraných materiálových dvojic vhodných pro výrobu zemědělských strojů a zařízení /  |c Pavel Cyrus. 
260 |a Hradec Králové :  |b Gaudeamus,  |c 1997 
300 |a 85 s. :  |b il. ;  |c 29 cm 
500 |a Určeno pro posl. Vys. školy pedag. - Bibliogr. 
650 0 7 |a zemědělské stroje  |7 ph116768  |2 czenas 
650 0 7 |a tribologie  |7 ph126742  |2 czenas 
650 0 7 |a smykové tření  |7 ph125717  |2 czenas 
655 7 |a studie  |7 fd133597  |2 czenas 
910 |a BOA001  |b 4-1040.488 
990 |a BK 
996 6 |b 2610063492  |c 4-1040.488  |l MZK  |r Sklad / do 1 hodiny  |n 5  |p p.v.  |w 000269466  |u 000010  |a 1  |e BOA001  |j MZK50  |s P